banner-ar

LEARNING DISABILITIES: A HANDBOOK OF CARE, 2ND ED / (Record no. 23801)

MARC details
000 -الفاتح
حقل البيانات ثابتة الطول 00537nam a2200193Ia 4500
008 - عناصر البيانات ثابتة الطول - معلومات عامة
حقل البيانات ثابتة الطول 140319s9999 xx 000 0 eng d
040 ## - مصدر الفهرسة
وكالة الفهرسة الأصلية GCL /
وكالة النسخ GCL
082 04 - رقم تصنيف ديوى العشرى
رقم التصنيف 371.9
رقم المادة S L
100 1# - المدخل الرئيسى - إسم شخصى
الإسم الشخصى SHANLEY, EAMON
245 10 - بيان العنوان
العنوان LEARNING DISABILITIES: A HANDBOOK OF CARE, 2ND ED /
بيان المسئوليه,etc SHANLEY, EAMON
700 1# - المدخل الاضافى - اسم شخصى
الإسم الشخصى STARRS, THOMAS A.
260 ## - PUBLICATION, DISTRIBUTION, ETC. (IMPRINT)
تاريخ النشر أو التوزيع 1993
300 ## - الوصف المادى
التعداد 327 P
650 04 - المدخل الاضافى بالموضوع-مصطلح موضوعى
مصطلح موضوعي DECISION - MAKING
650 04 - المدخل الاضافى بالموضوع-مصطلح موضوعى
مصطلح موضوعي LEARNING DISABILITIES
650 04 - المدخل الاضافى بالموضوع-مصطلح موضوعى
مصطلح موضوعي GUALITY OF CARE
942 ## - عناصر المدخل الإضافي( كوها)
مصدر التصنيف او مخطط الترفيف Dewey Decimal Classification
Koha [default] item type كتاب
260 ## - PUBLICATION, DISTRIBUTION, ETC. (IMPRINT)
-- [S.N] :
-- CHURCHILL LIVINGSTONE ،
Holdings
حالة التراجع حالة الفقد حالة تلف ليس للاعارة المكان المؤقت الموقع الحالى تاريخ الاكتساب اجمالي اﻻعارات رقم الطلب الباركود تاريخ اخر مشاهدة تاريخ تفعيل السعر نوع وعاء كوها
        مكتبة القاهرة الكبرى مكتبة القاهرة الكبرى 03/26/2014   371.9\S L 42443 03/26/2014 03/26/2014 كتاب
        مكتبة القاهرة الكبرى مكتبة القاهرة الكبرى 03/26/2014   371.9\S L 42444 03/26/2014 03/26/2014 كتاب

Powered By

EGPV